Gran manual de magnitudes físicas y sus unidades. Un estudio sistemático de 565 magnitudes físicas. cómo utilizar el Sistema Internacional de Unidades SI en la ciencia y la ingeniería, hoy obligatorio en todo el mundo

-д хадгалсан:
Номзүйн дэлгэрэнгүй
Үндсэн зохиолч: Lleó Morilla, Atanasio
Бусад зохиолчид: Lleó, Lourdes
Формат: Үл мэдэгдэх
Хэл сонгох:англи
Хэвлэсэн: Madrid, España Ediciones Díaz de Santos, S.A 2008
Нөхцлүүд:
Шошгууд: Шошго нэмэх
Шошго байхгүй, Энэхүү баримтыг шошголох эхний хүн болох!

MARC

LEADER 00000 a2200000 4500
003 CL-VaPUC
005 20210615103843.0
008 210427b ||||| |||| 00| 0 eng d
999 |c 432890  |d 432888 
020 |a  978-8479787677 
040 |c Pontificia Universidad Católica de Valparaíso 
082 |a 530.81 LLE 2008 
100 |a Lleó Morilla, Atanasio  |9 860760 
245 |a  Gran manual de magnitudes físicas y sus unidades.  |b Un estudio sistemático de 565 magnitudes físicas. cómo utilizar el Sistema Internacional de Unidades SI en la ciencia y la ingeniería, hoy obligatorio en todo el mundo 
260 |a Madrid, España   |b Ediciones Díaz de Santos, S.A  |c 2008 
300 |a 704 páginas  
505 |a 1. INTRODUCCIÓN 2. UNIDADES EN LA ANTIGÜEDAD 3. BREVE HISTORIA DEL SISTEMA INTERNACIONAL (SI) . 4. UNIDADES BÁSICAS DEL SI 5. UNIDADES DERIVADAS 6. OBTENCIÓN DE UNIDADES POR LA DIMENSIONES 7. PREFIJOS DECIMALES 8. NORMAS Y RECOMENDACIONES 9. MECÁNICA (PARTÍCULAS Y SÓLIDOS) 10. FÍSICA DE FLUIDOS Y NÚMEROS CARACTERÍSTICOS ADIMENSIONALES 11. FENÓMENOS PERIÓDICOS. ONDAS. ACÚSTICA 12. TERMODINÁMICA Y ELASTICIDAD 13. ELECTRICIDAD. ELECTROMAGNETISMO 14. ONDAS ELECTROMAGNÉTICAS. ÓPTICA 15. QUÍMICA FÍSICA, FÍSICA ATÓMICA, FÍSICA MOLECULAR 16. FÍSICA NUCLEAR. RADIACIONES Apéndice. OBSERVACIONES ACERCA DEL SISTEMA CGS GAUSSIANO DEL ELECTROMAGNETISMO (QUE DEBE ABANDONARSE) 
583 |k Cristina Rojas  |c 20210428 
650 0 |a Magnitudes físicas   |v Unidades   |9 861099 
650 0 |a Sistema Internacional de Unidades (SI)  |9 387978 
700 |a Lleó, Lourdes  |9 861097 
942 |2 ddc  |c BK 
952 |0 0  |1 0  |2 ddc  |4 0  |6 530_810000000000000_LLE_2008  |7 0  |8 R  |9 577919  |a BIBMEC  |b BIBMEC  |d 2021-05-27  |e 2  |g 78035.00  |i 5583535  |o 530.81 LLE 2008  |p 5583535  |r 2024-01-19  |t 1  |v 78035.00  |w 2021-05-27  |y BK  |k MEC